Where is Walt Disney World? / (Record no. 121590)

MARC details
000 -LEADER
campo de control de longitud fija 02726cam a2200493 i 4500
001 - NÚMERO DE CONTROL
campo de control 20419131
003 - IDENTIFICADOR DE NÚMERO DE CONTROL
campo de control BJBSDDR
005 - FECHA Y HORA DE LA ÚLTIMA TRANSACCIÓN
campo de control 20241129111122.0
007 - CAMPO FIJO DE DESCRIPCIÓN FÍSICA--INFORMACIÓN GENERAL
campo de control de longitud fija ta
008 - DATOS DE LONGITUD FIJA--INFORMACIÓN GENERAL
campo de control de longitud fija 180321s2018 nyua j b 000 0 eng c
010 ## - NÚMERO DE CONTROL DE LA BIBLIOTECA DEL CONGRESO
Número de control de LC 2018008020
020 ## - NÚMERO INTERNACIONAL ESTÁNDAR DEL LIBRO
Número Internacional Estándar del Libro 9780515158434
020 ## - NÚMERO INTERNACIONAL ESTÁNDAR DEL LIBRO
Número Internacional Estándar del Libro 0515158437
035 ## - NÚMERO DE CONTROL DEL SISTEMA
Número de control de sistema (OCoLC)NEW
040 ## - FUENTE DE CATALOGACIÓN
Centro catalogador/agencia de origen LBSOR/DLC
Lengua de catalogación eng
Centro/agencia transcriptor LBSOR
Normas de descripción rda
Centro/agencia modificador DLC
041 ## - CÓDIGO DE IDIOMA
Código de lengua del texto/banda sonora o título independiente eng
042 ## - CÓDIGO DE AUTENTICACIÓN
Código de autenticación pcc
043 ## - CÓDIGO DE ÁREA GEOGRÁFICA
Código de área geográfica n-us-fl
050 14 - SIGNATURA TOPOGRÁFICA DE LA BIBLIOTECA DEL CONGRESO
Número de clasificación GV 1853.3
Número de ítem H758w 2018
082 00 - NÚMERO DE LA CLASIFICACIÓN DECIMAL DEWEY
Número de clasificación 791.06/875924
100 1# - ENTRADA PRINCIPAL--NOMBRE DE PERSONA
Nombre de persona Holub, Joan,
Fechas asociadas al nombre 1956-
9 (RLIN) 37235
245 10 - MENCIÓN DEL TÍTULO
Título Where is Walt Disney World? /
Mención de responsabilidad, etc. by Joan Holub ; illustrated by Gregory Copeland.
246 3# - FORMA VARIANTE DEL TITULO
Título propio/Titulo breve Walt Disney World?
264 #1 - PRODUCCIÓN, PUBLICACIÓN, DISTRIBUCIÓN, FABRICACIÓN Y COPYRIGHT
Producción, publicación, distribución, fabricación y copyright New York, NY :
Nombre del de productor, editor, distribuidor, fabricante Penguin Workshop,
Fecha de producción, publicación, distribución, fabricación o copyright 2018
300 ## - DESCRIPCIÓN FÍSICA
Extensión 108 pages :
Otras características físicas illustrations, maps ;
Dimensiones 20 cm
336 ## - TIPO DE CONTENIDO
Término de tipo de contenido text
Fuente rdacontent
337 ## - TIPO DE MEDIO
Nombre/término del tipo de medio unmediated
Fuente rdamedia
338 ## - TIPO DE SOPORTE
Nombre/término del tipo de soporte volume
Fuente rdacarrier
490 1# - MENCIÓN DE SERIE
Mención de serie Where is?
500 ## - NOTA GENERAL
Nota general "An Imprint of Penguin Random House."
504 ## - NOTA DE BIBLIOGRAFÍA, ETC.
Nota de bibliografía, etc. Includes bibliographical references.
505 0# - NOTA DE CONTENIDO CON FORMATO
Nota de contenido con formato Where is Walt Disney World? -- Walt Disney -- Building Disney World -- Magic Kingdom -- Behind the scenes -- Epcot -- Animal Kingdom -- Hollywood Studios -- Changes and updates -- Water parks, parades, fireworks, and more -- After-the-Park fun -- Timelines.
520 ## - RESUMEN, ETC.
Sumario, etc. "Building the most magical place on earth was no fairy tale. Learn the story behind the creation of Walt Disney World. In 1964, when Walt Disney and his brother Roy decided to build a second theme park in the Florida swamplands, they kept it super hush-hush. Why? Well, if word got out that they planned to buy up lots of land, the price would have skyrocketed. So the Disneys cleverly covered up their trail, avoiding the Orlando Airport and even using made-up names, like Walt and Roy Davis, for their flights. The deception worked. In covering the history of the "Most Magical Place On Earth," Joan Holub takes readers both behind the scenes and underneath the park (there are secret employee-only tunnels that form one big circle under the Magic Kingdom). Loaded with fun facts, this book is a great companion to Who Was Walt Disney?"--
Fuente proveedora Provided by publisher.
521 1# - NOTA DE PÚBLICO DESTINATARIO
Nota de público destinatario 8-12
650 #0 - PUNTO DE ACCESO ADICIONAL DE MATERIA--TÉRMINO DE MATERIA
Término de materia o nombre geográfico como elemento de entrada Amusement parks
Subdivisión geográfica Florida
-- Orlando
Subdivisión de forma Juvenile literature.
650 #4 - PUNTO DE ACCESO ADICIONAL DE MATERIA--TÉRMINO DE MATERIA
Término de materia o nombre geográfico como elemento de entrada Parques de atracciones
Subdivisión geográfica Orlando (Florida, Estados Unidos)
Subdivisión de forma Literatura infantil
9 (RLIN) 38527
651 #0 - PUNTO DE ACCESO ADICIONAL DE MATERIA--NOMBRE GEOGRÁFICO
Nombre geográfico Walt Disney World (Fla.)
Subdivisión general History
Subdivisión de forma Juvenile literature.
651 #4 - PUNTO DE ACCESO ADICIONAL DE MATERIA--NOMBRE GEOGRÁFICO
Nombre geográfico Walt Disney World
Subdivisión general Historia
Subdivisión geográfica Orlando (Estados Unidos)
9 (RLIN) 38528
700 1# - ENTRADA AGREGADA--NOMBRE PERSONAL
Nombre de persona Copeland, Gregory
Término indicativo de función/relación illustrator
9 (RLIN) 37198
830 ## - PUNTO DE ACCESO ADICIONAL DE SERIE-TÍTULO UNIFORME
Título uniforme Where is (Grosset & Dunlap),
9 (RLIN) 37182
906 ## - ELEMENTOS DE DATOS F LOCAL, LDF (RLIN)
a 7
b cbc
c orignew
d 1
e ecip
f 20
g y-gencatlg
942 ## - ELEMENTOS DE ENTRADA SECUNDARIOS (KOHA)
Fuente del sistema de clasificación o colocación Clasificación de Library of Congress
Tipo de ítem Koha Libro
946 ## - PROCESAMIENTO DE INFORMACIÓN LOCAL (OCLC)
Iniciales del agente catalogador rmza
Holdings
Estatus retirado Estado de pérdida Fuente del sistema de clasificación o colocación Estado de daño No para préstamo Colección Biblioteca de origen Biblioteca actual Ubicación en estantería Fecha de adquisición Signatura topográfica completa Código de barras Visto por última vez Copia número Tipo de ítem Koha
    Clasificación de Library of Congress     Ciencias Sociales Biblioteca Juan Bosch Biblioteca Juan Bosch Ciencias Sociales (3er. Piso) 16/07/2024 GV 1853.3 H758w 2018 00000181949 16/07/2024 1 Libro